000 00458nam a22001817a 4500
005 20250328143935.0
008 250328b |||||||| |||| 00| 0 eng d
020 _a9781787153530
041 _aeng
082 _a338.5 GIB
100 _aGibson, Brian
245 _aIntermediate Microeconomics
260 _aUK
_bKruger Brentt
_c2025
300 _a352;. pages: 26 cm
650 _a Microeconomics
700 _aAkoto, Edward and Lamb Renee
942 _cBK
999 _c43467
_d43467